Ochrana obyvateľstva pri úniku nebezpečných látok v okrese Prievidza : Záverečná práca

Gespeichert in:
Bibliographische Detailangaben
1. Verfasser: Lenhart, Michal (Verfasst von)
Weitere Verfasser: Poór, Róbert (xxx)
Format: Manuskript Buch
Sprache:Slowakisch
Veröffentlicht: Trnava : STU v Bratislave MtF KEBI, 2002
Schlagworte:
Tags: Tag hinzufügen
Keine Tags, Fügen Sie das erste Tag hinzu!

MARC

LEADER 00000ntm a22000003a 4500
001 stu77432
005 20160719154957.6
008 020930s2002----xo------------------slo-d
040 |a STU  |b slo 
041 0 |a slo 
044 |a xo 
100 1 |a Lenhart, Michal  |4 aut 
245 1 |a Ochrana obyvateľstva pri úniku nebezpečných látok v okrese Prievidza :  |b Záverečná práca 
260 |a Trnava :  |b STU v Bratislave MtF KEBI,  |c 2002 
300 |a 68 s  |c abstr. 
650 7 |a nebezpečné látky  |2 stusub 
650 7 |a ochrana obyvateľstva  |2 stusub 
650 7 |a priemyselná ekológia  |2 stusub 
700 1 |a Poór, Róbert  |4 xxx  |u M390  |U MTF Materiálovotechnologická fakulta  |T MTF Katedra environmentálneho a bezpečnostného inžinierstva  |U M390  |Y 177 
996 |b 284M054641  |c M*BP-41  |l MMSKP  |s P  |a 0  |w stu77432_0001